000 00389nam a2200133Ia 4500
008 220217s9999||||xx |||||||||||||| ||und||
020 _a81-7808-333-7
082 _a621.381 5 LUD
100 _aLudwig, Reinhold Bretchko, Pavel
_93057
245 0 _aRF circuit design: theory and applications
260 _aPearson education asia
_bDelhi
_c2002
300 _b275
650 _aCIRCUITRY
999 _c170768
_d170768